000 00677nam a2200229 i 4500
001 70619
003 ES-MaACL
005 20230906170853.0
007 t|
008 040729s1979 fr ||||1| fre d
020 _a2-13035-952-3
100 1 _aGardies, Jean-Louis.
_955494
245 1 0 _aEssai sur la logique des modalités /
_cJean-Louis Gardies.
250 _a[1re ed.].
260 _aParís :
_bPresses Universitaires de France,
_c1979.
300 _a239 p. ;
_c22 cm.
490 1 _aPhilosophie d'aujourd'hui
504 _aBibliografía: p. 235-238.
830 0 _aPhilosophie d'aujourd'hui
_9179543
852 _aES-MaACL
_jL-11911
_bR.113243
999 _c70619
_d70619